Vector calculus /

שמור ב:
מידע ביבליוגרפי
מחבר ראשי: Marsden, Jerrold E.
פורמט: ספר
שפה:English
יצא לאור: New York : W.H. Freeman, 1996.
מהדורה:4th edition.
נושאים:
תגים: הוספת תג
אין תגיות, היה/י הראשונ/ה לתייג את הרשומה!
Thư viện lưu trữ: Mạng thư viện Đại học Đà Nẵng
LEADER 00821cam a2200337 i 4500
001 000046037
003 5304
005 20030310084002.0
008 010220|1996 vm 000 eng
020 |a 0716724324 (hc) 
040 |a IRC  |c IRC  |d IRC 
041 0 |a eng 
082 1 4 |a 515.63  |b MA-J 
100 1 0 |a Marsden, Jerrold E. 
245 0 0 |a Vector calculus /  |c Jerrold E. Marsden. 
250 |a 4th edition. 
260 |a New York :  |b W.H. Freeman,  |c 1996. 
300 |a xiii, 627p. :  |b ill. 
630 0 4 |a Mathematics. 
650 0 4 |a Calculus. 
650 0 4 |a Vector analysis. 
OWN |a DUT 
999 |a From the UDN01 
TYP |a Monograph 
TYP |a Printed language 
980 |a Mạng thư viện Đại học Đà Nẵng